000 00640nam a2200229Ia 4500
003 OSt
005 20220918184304.0
006 a|||||r|||| 00| 0
007 ta
008 220917b |||||||| |||| 00| 0 eng d
024 _a45,669
037 _cTextual
040 _aARTS
_cARTS
_beng
041 _2eng
_aeng
082 _aO9v5:D, J2.2,J2.1-;1
100 _aAtkins J W H
245 0 _aLiterary criticism in antiquity
_b a sketch of its development
260 _aLondon
_bMethuen
_c1952
650 _aENGLISH LITERATURE
942 _hO9v5:D, J2.2,J2.1-;1
_cTEXL
_2CC
999 _c175862
_d175862